| 000 -LEADER |
| fixed length control field |
00707nam a22002177a 4500 |
| 005 - DATE AND TIME OF LATEST TRANSACTION |
| control field |
20260127085626.0 |
| 008 - FIXED-LENGTH DATA ELEMENTS--GENERAL INFORMATION |
| fixed length control field |
260127b ||||| |||| 00| 0 eng d |
| 020 ## - INTERNATIONAL STANDARD BOOK NUMBER |
| International Standard Book Number |
9780008758738 |
| 040 ## - CATALOGING SOURCE |
| Transcribing agency |
KH8 |
| 082 ## - DEWEY DECIMAL CLASSIFICATION NUMBER |
| Classification number |
813.6 PEI |
| 100 ## - MAIN ENTRY--PERSONAL NAME |
| Personal name |
PEIRCE,LINCOLN |
| Relator term |
AUTHOR |
| 245 ## - TITLE STATEMENT |
| Title |
BIG NATE STRIKES AGAIN |
| 260 ## - PUBLICATION, DISTRIBUTION, ETC. |
| Place of publication, distribution, etc. |
1 London Bridge Street,London SE1 9GF |
| Name of publisher, distributor, etc. |
HarperCollins Children's Books |
| Date of publication, distribution, etc. |
2025 |
| 300 ## - PHYSICAL DESCRIPTION |
| Extent |
215 Pages |
| Other physical details |
Colour illustration |
| Dimensions |
20 cm x 13 cm |
| 520 ## - SUMMARY, ETC. |
| Summary, etc. |
Big Nate has got his heart set on leading his sports team to victory! But it won't be easy. -Publisher- |
| 650 ## - SUBJECT ADDED ENTRY--TOPICAL TERM |
| Topical term or geographic name entry element |
Juvenile Literature |
| 655 ## - INDEX TERM--GENRE/FORM |
| Genre/form data or focus term |
Kids |
| 655 ## - INDEX TERM--GENRE/FORM |
| Genre/form data or focus term |
Fiction and Literature |
| 655 ## - INDEX TERM--GENRE/FORM |
| Genre/form data or focus term |
Humour |
| 942 ## - ADDED ENTRY ELEMENTS (KOHA) |
| Source of classification or shelving scheme |
|
| Koha item type |
Books - Fiction |